| Поле | Инд. | ПП | Название | Значение |
|---|---|---|---|---|
| Тип записи | a | |||
| Библиографический уровень | m | |||
| 001 | Контрольный номер | RU/LIBMSTU/263471902 | ||
| 005 | Дата корректировки | 20200512151225.4 | ||
| 008 | Кодируемые данные | 080513|||||||||ru |||||||||||000|||rus|| | ||
| 020 | a | ISBN | 978-5-7695-3965-7 | |
| c | Цена, тираж | 320-65 | ||
| 040 | b | Код языка каталог. | rus | |
| 041 | 0_ | a | Код языка текста | rus |
| 084 | a | Индекс другой классификации/Индекс ББК | 65.050.03+60.84+65с | |
| 090 | a | Полочн. индекс | 65.050 | |
| x | Авторский знак | У 84 | ||
| 100 | 1_ | a | Автор | Уткин В. Б. |
| 245 | 10 | a | Заглавие | Информационные технологии управления |
| b | Продолж. заглавия | учебник для вузов | ||
| 260 | a | Место издания | Москва | |
| b | Издательство | Академия | ||
| c | Дата издания | 2008 | ||
| 300 | a | Объем | 394, [1] с. | |
| b | Иллюстрации/ тип воспроизводства | табл. | ||
| 440 | _0 | a | Серия | Высшее профессиональное образование. Экономика и управление |
| 504 | a | Библиография | Библиогр.: с. 387-391 | |
| 650 | 04 | a | Основная рубрика | Информационные технологии-Управление-Учебные издания для высших учебных заведений |
| 653 | 0_ | a | Ключевые слова | Технологии информационные |
| 653 | 1_ | a | Ключевые слова | Экономика |
| 653 | 1_ | a | Ключевые слова | Управление |
| 653 | 1_ | a | Ключевые слова | Экономические системы |
| 653 | 1_ | a | Ключевые слова | Менеджмент |
| 653 | 1_ | a | Ключевые слова | Документы текстовые |
| 653 | 1_ | a | Ключевые слова | Обработка информации |
| 700 | 12 | a | Другие авторы | Балдин К. В. |
| 901 | t | Тип документа | m | |
| 952 | b | Гриф литературы для ВШ | Рекомендовано УМО по образованию в области прикладной информатики | |
| c | Вид литературы | учебник |